| 000 | 00675nam a2200229 i 4500 | ||
|---|---|---|---|
| 001 | bg | ||
| 100 | 1 | _aKASIUK, Ewa | |
| 245 | 1 | 0 |
_aZasady naliczania kapitału początkowego emerytur z Funduszu Ubezpieczeń Społecznych / _cEwa Kasiuk. |
| 250 | _aStan prawn na 31.12.2000 r. | ||
| 260 |
_aSkierniewice : _b"Framax", _c2001. |
||
| 300 |
_a79 s. ; _c21 cm. |
||
| 504 | _aBibliogr. | ||
| 650 | 9 |
_aKapitał początkowy (ubezp.) _xprawo _zPolska _ystan na 2001 r. |
|
| 655 | _aPoradniki | ||
| 020 | _a8388113151 | ||
| 040 | _cBPK | ||
| 041 | 0 | _apol | |
| 080 | _a349.3:369.5](438) | ||
| 920 | _a83-88113-15-1 | ||
| 942 | _cKS | ||
| 008 | s pl f |000 0 pol | ||
| 999 |
_c35393 _d35393 |
||
| 856 |
_uhttp://koha.tu.koszalin.pl/cgi-bin/koha/opac-detail.pl?biblionumber=35393 _yKatalog online BPK |
||